Central Library OPAC University of Rajshahi

The growth of the American republic / (Record no. 65077)

MARC details
000 -LEADER
fixed length control field 00849nam a2200253 a 4500
001 - CONTROL NUMBER
control field 65077
003 - CONTROL NUMBER IDENTIFIER
rucl marc code BD-RjUL
005 - DATE AND TIME OF LATEST TRANSACTION
control field 20211209081402.0
008 - FIXED-LENGTH DATA ELEMENTS--GENERAL INFORMATION
fixed length control field 170226s19541930nyuabc b 000 0 eng d
035 ## - SYSTEM CONTROL NUMBER
System control number (BD-RjUL)65207
040 ## - CATALOGING SOURCE
Original cataloging agency DLC
Transcribing agency DLC
Modifying agency BD-RjUL
Language of cataloging eng
041 ## - LANGUAGE CODE
Language code of text/sound track or separate title eng
082 00 - DEWEY DECIMAL CLASSIFICATION NUMBER
Classification number 973
Author mark and year MOG 1954
100 1# - MAIN ENTRY--PERSONAL NAME
Personal name Morison, Samuel Eliot,
Dates associated with a name 1887-1976.
9 (RLIN) 74219
245 14 - TITLE STATEMENT
Title The growth of the American republic /
Statement of responsibility, etc. [by] Samuel Eliot Morison and Henry Steele Commager
250 ## - EDITION STATEMENT
Edition statement 4th Rev. & Enl. ed.
260 ## - PUBLICATION, DISTRIBUTION, ETC. (IMPRINT)
Place of publication, distribution, etc. New York ;
-- London :
Name of publisher, distributor, etc. Oxford university press,
Date of publication, distribution, etc. 1930 [reprinted 1954].
300 ## - PHYSICAL DESCRIPTION
Pagination xvii, 974 p. :
Illustrations il. ;
Size 24 cm.
505 0# - FORMATTED CONTENTS NOTE
Formatted contents note Vol. 2 --
650 ## - SUBJECT ADDED ENTRY--TOPICAL TERM
Topical term or geographic name as entry element United States
General subdivision History.
9 (RLIN) 85254
651 #0 - SUBJECT ADDED ENTRY--GEOGRAPHIC NAME
Geographic name United States
General subdivision History.
9 (RLIN) 85255
700 1# - ADDED ENTRY--PERSONAL NAME
Personal name Commager, Henry Steele,
Dates associated with a name 1902-1998,
Relator term joint author.
942 ## - ADDED ENTRY ELEMENTS (KOHA)
Source of classification or shelving scheme Dewey Decimal Classification
Koha item type Books
Holdings
Lost status Source of classification or shelving scheme Damaged status Not for loan Collection code Permanent Location Current Location Shelving location Date acquired Source of acquisition Cost, normal purchase price Total Checkouts Full call number Date last seen Copy number Koha item type
  Dewey Decimal Classification   Not For Loan Non-fiction Central Library, University of Rajshahi Central Library, University of Rajshahi Reading Room 09/08/1955 O. U. P. 35.00   973 MOG V-2 1954 26/02/2017 C-1 Books